000 00653nam a22001577a 4500
003 OSt
005 20151106150334.0
008 151106b xxu||||| |||| 00| 0 eng d
040 _cRUA
082 _aFOR SEA 2000 B126 Or.1
100 _93456
_aSEAM, SOTHAVUTH.
245 _aThe study interaction between man and mangrove forest in preah sihanouk "ream" national park, ការសិក្សាពីទំនាក់ទំនងមនុស្ស និងព្រៃកោងកាងនៅឧទ្យានជាតិព្រះសីហនុ "រាម"
260 _aPhnom Penh
_bRUA
_c2000
300 _a45p.
_bill.
_c29cm.
942 _2ddc
_cFOR
999 _c3226
_d3226